[Event "Charleville Mezieres op 14th"]
[Site "Charleville Mezieres"]
[Date "2017.12.26"]
[Round "4"]
[White "Toro, Raphael"]
[Black "Rolland, Camille"]
[Result "0-1"]
[WhiteElo "1280"]
[BlackElo "1153"]
[PlyCount "76"]
[EventDate "2017.12.26"]
[EventType "swiss"]
[EventRounds "7"]
[EventCountry "FRA"]
[SourceTitle "CBM 182 Extra"]
[Source "ChessBase"]
[SourceDate "2018.02.23"]
[SourceVersion "1"]
[SourceVersionDate "2018.02.23"]
[SourceQuality "1"]

1. d4 d5 2. Bf4 e6 3. e3 Nc6 4. Bd3 g5 5. Bg3 f5 6. Qh5+ Kd7 7. Nf3 g4 8. Be5 Nf6 9. Bxf6 Qxf6 10. Ng5 Qg6 11. Qxg6 hxg6 12. 0-0 Bd6 13. g3 Ke7 14. Nc3 Rh5 15. f4 gxf3 16. Nxf3 Bd7 17. Nb5 Rah8 18. Nxd6 cxd6 19. c4 Nb4 20. Be2 dxc4 21. Bxc4 Nd5 22. Rae1 Bc6 23. Re2 Nf6 24. b3 g5 25. Rff2 Ne4 26. Rf1 g4 27. Nh4 d5 28. Ng6+ Kf6 29. Nxh8 dxc4 30. Rf4 Rxh8 31. h4 gxh3 32. g4 Rg8 33. Rh2 Rxg4+ 34. Rxg4 fxg4 35. Kf1 c3 36. Ke2 Bb5+ 37. Kd1 Kg5 38. Rh1 Nf2+ 0-1